MARC details
| 000 -CABECERA |
| campo de control de longitud fija |
02444nam a2200409 i 4500 |
| 001 - NÚMERO DE CONTROL |
| campo de control |
000003750 |
| 003 - IDENTIFICADOR DEL NÚMERO DE CONTROL |
| campo de control |
DO-SdBNP |
| 005 - FECHA Y HORA DE LA ÚLTIMA TRANSACCIÓN |
| campo de control |
20250901080419.0 |
| 007 - CAMPO FIJO DE DESCRIPCIÓN FÍSICA--INFORMACIÓN GENERAL |
| campo de control de longitud fija |
ta |
| 008 - DATOS DE LONGITUD FIJA--INFORMACIÓN GENERAL |
| campo de control de longitud fija |
090713s2005 dr ab r 001 0 spa d |
| 040 ## - FUENTE DE LA CATALOGACIÓN |
| Centro catalogador/agencia de origen |
DO-SdBNP |
| Lengua de catalogación |
spa |
| Centro/agencia transcriptor |
BNPHU |
| 041 ## - CÓDIGO DE LENGUA |
| Código de lengua del texto/banda sonora o título independiente |
sp |
| 082 ## - NÚMERO DE LA CLASIFICACIÓN DECIMAL DEWEY |
| Número de clasificación |
362.5 |
| Número de documento/Ítem |
F652p |
| Número de edición |
22 |
| 245 00 - MENCIÓN DE TÍTULO |
| Título |
Focalización de la pobreza en la República Dominicana 2005 : |
| Resto del título |
informe general / |
| Mención de responsabilidad, etc. |
investigador y redactor Antonio Morillo Pérez ; investigadores Andrés Guerrero Arias, Yasiris Alcántara Rosario ; prólogo Carolina Anstey, Elema Martínez ; presentación Juan Temistocles Montás. |
| 264 ## - PRODUCCIÓN, PUBLICACIÓN, DISTRIBUCIÓN, FABRICACIÓN Y COPYRIGHT |
| Producción, publicación, distribución, fabricación y copyright |
Santo Domingo : |
| Nombre del de productor, editor, distribuidor, fabricante |
PNUD; |
| -- |
Banco Mundial, |
| Fecha de producción, publicación, distribución, fabricación o copyright |
2005. |
| 300 ## - DESCRIPCIÓN FÍSICA |
| Extensión |
xxiv, 615 páginas : |
| Otras características físicas |
ilustraciones, gráficas, mapas. ; |
| Dimensiones |
22 cm. |
| 336 ## - TIPO DE CONTENIDO |
| Término de tipo de contenido |
rdacontent |
| Código de tipo de contenido |
texto |
| Fuente |
txt |
| 337 ## - TIPO DE MEDIO |
| Nombre/término del tipo de medio |
rdamedia |
| Código del tipo de medio |
sin mediación |
| Fuente |
n |
| 338 ## - TIPO DE SOPORTE |
| Nombre/término del tipo de soporte |
rdacarrier |
| Código del tipo de soporte |
volumen |
| Fuente |
nc |
| 500 ## - NOTA GENERAL |
| Nota general |
Incluye anexos |
| 500 ## - NOTA GENERAL |
| Nota general |
Incluye apéndice estadístico |
| 504 ## - NOTA DE BIBLIOGRAFÍA, ETC. |
| Nota de bibliografía, etc. |
Bibliografía : p. 97-98 |
| 505 0# - NOTA DE CONTENIDO CON FORMATO |
| Nota de contenido con formato |
Lista de siglas -- Índice de cuadros -- Índice de gráficos -- Índice de mapas -- Prólogo -- Presentación -- Resumen ejecutivo -- Introducción -- Aspectos metodológicos -- Los datos -- Las variables iniciales y sus transformaciones -- Las variables y dimensiones del modelo -- Los coeficientes de ponderación de las variables y dimensiones -- El modelo de ponderadores del 2002 -- Categorización del índice de calidad de vida (ICV) -- Resultados del modelo -- El promedio del índice de calidad de vida (ICV) -- Análisis según categorías del ICV -- Priorización de las áreas geográficas -- Método de priorización -- Resultados de la priorización -- Las necesidades insatisfechas de los pobres -- Bibliografía -- Anexos -- Apéndice estadístico. |
| 590 ## - NOTA LOCAL (RLIN) |
| Nota local |
Inventariado, 2018/BT |
| 650 #4 - PUNTO DE ACCESO ADICIONAL DE MATERIA--TÉRMINO DE MATERIA |
| Término de materia o nombre geográfico como elemento de entrada |
Pobreza |
| Subdivisión general |
Investigaciones |
| Subdivisión geográfica |
República Dominicana |
| 9 (RLIN) |
11409 |
| 650 #4 - PUNTO DE ACCESO ADICIONAL DE MATERIA--TÉRMINO DE MATERIA |
| Término de materia o nombre geográfico como elemento de entrada |
Pobreza |
| Subdivisión de forma |
ESTADÍSTICAS |
| Subdivisión geográfica |
República Dominicana |
| 9 (RLIN) |
11410 |
| 651 #4 - PUNTO DE ACCESO ADICIONAL DE MATERIA--NOMBRE GEOGRÁFICO |
| Nombre geográfico |
República Dominicana |
| Subdivisión general |
Condiciones Sociales |
| 9 (RLIN) |
46 |
| 700 12 - PUNTO DE ACCESO ADICIONAL--NOMBRE DE PERSONA |
| Nombre de persona |
Morillo Pérez, Antonio |
| 9 (RLIN) |
11393 |
| 700 12 - PUNTO DE ACCESO ADICIONAL--NOMBRE DE PERSONA |
| Nombre de persona |
Guerrero Arias, Andrés |
| 9 (RLIN) |
11394 |
| 700 12 - PUNTO DE ACCESO ADICIONAL--NOMBRE DE PERSONA |
| Nombre de persona |
Alcántara Rosario, Yasiris |
| 9 (RLIN) |
11411 |
| 700 12 - PUNTO DE ACCESO ADICIONAL--NOMBRE DE PERSONA |
| Nombre de persona |
Anstey, Carolina, |
| Término indicativo de función/relación |
pról. |
| 9 (RLIN) |
11412 |
| 700 12 - PUNTO DE ACCESO ADICIONAL--NOMBRE DE PERSONA |
| Nombre de persona |
Martínez, Elena, |
| Término indicativo de función/relación |
pról. |
| 9 (RLIN) |
11413 |
| 700 12 - PUNTO DE ACCESO ADICIONAL--NOMBRE DE PERSONA |
| Nombre de persona |
Montás, Juan Temístocles |
| Fechas asociadas al nombre |
1950- |
| 9 (RLIN) |
79676 |
| 710 2# - PUNTO DE ACCESO ADICIONAL--NOMBRE DE ENTIDAD CORPORATIVA |
| Nombre de entidad corporativa o nombre de jurisdicción como elemento de entrada |
Programa de las Naciones Unidas para el Desarrollo |
| 9 (RLIN) |
187 |
| 910 ## - DATOS DE OPCIÓN DEL USUARIO (OCLC) |
| Datos de opción del usuario |
Validado. Control de calidad. MMOLINA |
| 942 ## - ELEMENTOS DE PUNTO DE ACCESO ADICIONAL (KOHA) |
| Fuente del sistema de clasificación o colocación |
Dewey Decimal Classification |
| Tipo de ítem Koha |
Libro |